000
00323nam a22001457a 4500
008
210531b ||||| |||| 00| 0 eng d
020
_a
2740351396138
041
_a
eng
080
_2
3rd
_a
159.9
082
_a
159.9
100
_a
48
101
_a
PSI
245
_a
Culture and Psychology
_c
Matsumoto,D
942
_2
udc
_c
BK
999
_c
57849
_d
57849